kamusi ya kiswahili sanifu (Record no. 1153)
| 000 -LEADER | |
|---|---|
| fixed length control field | 00475nam a22001697a 4500 |
| 003 - CONTROL NUMBER IDENTIFIER | |
| control field | OSt |
| 005 - DATE AND TIME OF LATEST TRANSACTION | |
| control field | 20140116120847.0 |
| 008 - FIXED-LENGTH DATA ELEMENTS--GENERAL INFORMATION | |
| fixed length control field | 130516b xxu||||| |||| 00| 0 eng d |
| 050 ## - LIBRARY OF CONGRESS CALL NUMBER | |
| Classification number | REF PL 8703 .K34 2004 C.3 |
| 100 ## - MAIN ENTRY--PERSONAL NAME | |
| Personal name | Oxford University Press. |
| 245 ## - TITLE STATEMENT | |
| Title | kamusi ya kiswahili sanifu |
| Statement of responsibility, etc | Oxford university press |
| 260 ## - PUBLICATION, DISTRIBUTION, ETC. (IMPRINT) | |
| Place of publication, distribution, etc | Kenya: |
| Name of publisher, distributor, etc | Oxford university press, |
| Date of publication, distribution, etc | 1981. |
| 300 ## - PHYSICAL DESCRIPTION | |
| Extent | xvi,687p. |
| Other physical details | ill. |
| 650 ## - SUBJECT ADDED ENTRY--TOPICAL TERM | |
| Topical term or geographic name as entry element | Kamusi |
| 650 ## - SUBJECT ADDED ENTRY--TOPICAL TERM | |
| Topical term or geographic name as entry element | kiswahili dictionary |
| 942 ## - ADDED ENTRY ELEMENTS (KOHA) | |
| Source of classification or shelving scheme | |
| Koha item type | Reference material |
| Withdrawn status | Lost status | Source of classification or shelving scheme | Damaged status | Not for loan | Home library | Current library | Shelving location | Date acquired | Cost, normal purchase price | Total Checkouts | Full call number | Barcode | Date last seen | Copy number | Price effective from | Koha item type |
|---|---|---|---|---|---|---|---|---|---|---|---|---|---|---|---|---|
| Riara University Library | Riara University Library | General stack | 16/05/2013 | 770.00 | REF PL 8703 .K34 2004 | 3933/13 | 23/08/2018 | C.3 | 16/05/2013 | Reference material | ||||||
| Riara University Library | Riara University Library | General stack | 16/05/2013 | 770.00 | REF PL 8703 .K34 2004 | 3935/13 | 07/02/2018 | C.1 | 16/05/2013 | Reference material | ||||||
| Riara University Library | Riara University Library | General stack | 16/05/2013 | 770.00 | REF PL 8703 .K34 2004 | 3934/13 | 16/05/2013 | C.2 | 16/05/2013 | Reference material |
